Uṭakamaṇḍacī yātrā. (Record no. 80495)
[ view plain ]
| 000 -LEADER | |
|---|---|
| fixed length control field | 00635cam a22002411 4500 |
| 001 - CONTROL NUMBER | |
| control field | sa 68005048 |
| 003 - CONTROL NUMBER IDENTIFIER | |
| control field | DLC |
| 005 - DATE AND TIME OF LATEST TRANSACTION | |
| control field | 20260227112505.0 |
| 008 - FIXED-LENGTH DATA ELEMENTS--GENERAL INFORMATION | |
| fixed length control field | 890603s1967 xx 000 0 maro |
| 010 ## - LIBRARY OF CONGRESS CONTROL NUMBER | |
| LC control number | sa 68005048 |
| 035 ## - SYSTEM CONTROL NUMBER | |
| System control number | (OCoLC)23567064 |
| 040 ## - CATALOGING SOURCE | |
| Original cataloging agency | DLC |
| Transcribing agency | MiU |
| Modifying agency | DLC |
| 042 ## - AUTHENTICATION CODE | |
| Authentication code | premarc |
| 043 ## - GEOGRAPHIC AREA CODE | |
| Geographic area code | a-ii--- |
| 050 00 - LIBRARY OF CONGRESS CALL NUMBER | |
| Classification number | QK72.I5 |
| Item number | P34 |
| 100 1# - MAIN ENTRY--PERSONAL NAME | |
| Personal name | Phadke, Kamala, |
| Dates associated with a name | 1916- |
| 245 10 - TITLE STATEMENT | |
| Title | Uṭakamaṇḍacī yātrā. |
| 260 ## - PUBLICATION, DISTRIBUTION, ETC. | |
| Date of publication, distribution, etc. | [1967] |
| 300 ## - PHYSICAL DESCRIPTION | |
| Extent | 83 p. |
| Other physical details | illus. |
| Dimensions | 18 cm. |
| 500 ## - GENERAL NOTE | |
| General note | Romanized. |
| 650 #0 - SUBJECT ADDED ENTRY--TOPICAL TERM | |
| Topical term or geographic name entry element | Botanical gardens |
| Geographic subdivision | India |
| General subdivision | Ootacamund. |
| 651 #0 - SUBJECT ADDED ENTRY--GEOGRAPHIC NAME | |
| Geographic name | Udagamandalam (India) |
| General subdivision | Description and travel. |
No items available.